| 000 | 00486nam a2200181 b 4500 | ||
|---|---|---|---|
| 001 | 00000000064293 | ||
| 003 | OSt | ||
| 005 | 20130430110157.0 | ||
| 008 | 020226s1965 esp 000 1 spa d | ||
| 040 |
_aBU-BP _cBMC |
||
| 100 |
_aSalten, Felix _9298 _d1869-1945 |
||
| 245 | 1 | 4 |
_aLos hijos de Bambi _b : historia de una familia del bosque _cFelix Salten |
| 250 | _a3ยช ed | ||
| 260 |
_aMadrid _bEspasa-Calpe _c1965 |
||
| 300 |
_a152 p. _c18 cm |
||
| 490 |
_aAustral _v363 |
||
| 942 |
_2ddc _cBK |
||
| 999 |
_c318 _d318 |
||